লোডিং...

Applied Econometrics

গ্রন্থ-পঞ্জীর বিবরন
প্রধান লেখক: Rao, Potluri
অন্যান্য লেখক: Miller, Roger Le Roy
বিন্যাস: Printed Book
ভাষা:English
প্রকাশিত: 1972
বিষয়গুলি:
LEADER 00605nam a2200181 a 4500
005 20151215125115.0
008 960221s1955 dcuabcdjdbkoqu001 0deng d
003 ViArRB
082 |a X ob B  |b L2;1 
100 |a Rao, Potluri   |9 5690 
245 |a Applied Econometrics 
300 |c Book  
653 |a Econometrics  |a Econometric  |a Econometric Studies of Macro and Monetary Relations 
700 |a Miller, Roger Le Roy  |9 5689 
942 |c BK  |6 _ 
260 |c 1972 
999 |c 97365  |d 97365 
952 |0 0  |1 0  |2 ddc  |4 0  |6 X_OBBL21  |7 0  |9 122742  |a SMS  |b SMS  |c GEN  |d 2009-10-28  |l 2  |o X ob B L2;1  |p SMS009370  |r 2010-10-20  |s 2010-10-20  |w 2009-10-28  |y BK